| 000 | 00801nam a2200229 a 4500 | ||
|---|---|---|---|
| 001 | 2345 | ||
| 003 | CDMR | ||
| 005 | 20131128153724.0 | ||
| 008 | 130130s1984||||||||||||||||||||||||||||d | ||
| 020 | _a847423218X | ||
| 040 |
_aCDMR _bcat _cCDMR |
||
| 100 | 1 |
_aChomsky, Noam _91756 |
|
| 245 | 1 | 3 |
_aLa segunda guerra fría _b: crítica de la política norteamericana, sus mitos y su propaganda _cNoam Chomsky ; traducción castellana de miguel Candel |
| 246 |
_aTowards a new Cold War _b: essays on the current crisis and how we got there |
||
| 260 |
_aBarcelona _c1984 _bCrítica |
||
| 300 | _a324 p. | ||
| 650 | 0 | 4 |
_93177 _aPropaganda |
| 650 | 0 | 4 |
_92305 _aComunicació _xAspectes polítics |
| 650 | 0 | 4 |
_93626 _aGuerra freda |
| 650 | 0 | 4 |
_94228 _aEstats Units d'Amèrica _xPolítica i govern |
| 942 |
_cMON _2udc |
||
| 999 |
_c2345 _d2345 |
||